|
|
|
|
| LEADER |
01063nam a2200253 a 4500 |
| 001 |
GR-Antirio655 |
| 008 |
090313s2004 mau b 001 0 gre d |
| 020 |
|
|
|a 158053757X
|
| 040 |
|
|
|a GrPaTEI
|b gre
|c GR-PaULI
|
| 040 |
|
|
|a GrPaTEI
|b gre
|c GR-PaULI
|
| 040 |
|
|
|a GrPaTEI
|b gre
|c GR-PaULI
|
| 082 |
|
0 |
|a 621.384
|2 22
|
| 100 |
0 |
|
|a Yang, Samuel C.
|
| 245 |
1 |
0 |
|a 3G CDMA2000 :
|b wireless system engineering /
|c Yang, Samuel C.
|
| 260 |
|
|
|a Boston , London :
|b Artech House,
|c c 2004
|
| 300 |
|
|
|a xvii. , 255 σ. :
|b εικ. ;
|c 26 εκ.
|
| 490 |
0 |
|
|a Artech House mobile communications library.
|
| 504 |
|
|
|a Περιλαμβάνει βιβλιογραφίες και ευρετήριο.
|
| 650 |
|
0 |
|a Code division multiple access
|
| 650 |
1 |
0 |
|a Wireless communication systems
|
| 942 |
|
|
|2 ddc
|
| 952 |
|
|
|0 0
|1 0
|2 ddc
|4 0
|6 621_384000000000000_YAN
|7 0
|9 261884
|a LISK-2
|b LISK-2
|c BSC
|d 2021-01-17
|e 24
|f 0
|g 0.00
|l 0
|o 621.384 YAN
|p 2430000006833
|r 2021-01-17 00:00:00
|t 1
|w 2021-01-17
|y BK15
|x 20090313 0 1
|x GrPaTEI - Antirrio
|
| 971 |
|
|
|a .b25704540
|b 01-10-20
|c 12-09-16
|
| 999 |
|
|
|c 151106
|d 151106
|